Informácia o celkovom štatistickom vyhodnotení procesu verejného obstarávania za rok 2008

Vyhodnotenie výsledkov verejného obstarávania. Verejný obstarávateľ - klasický sektor, obstarávateľ - vybrané odvetvia - vyhodnotenie výsledkov verejného obstarávania.

Saved in:
Bibliographic Details
Format: Book Chapter
Language:Slovak
Subjects:
Tags: Add Tag
No Tags, Be the first to tag this record!

MARC

LEADER 00000naa$a2200000$$$4500
001 0100907
005 20230927074113.1
041 0 |a slo 
044 |a SK 
245 1 0 |a Informácia o celkovom štatistickom vyhodnotení procesu verejného obstarávania za rok 2008 
520 |a Vyhodnotenie výsledkov verejného obstarávania. Verejný obstarávateľ - klasický sektor, obstarávateľ - vybrané odvetvia - vyhodnotenie výsledkov verejného obstarávania. 
610 2 0 |a obstarávanie verejné 
610 2 0 |a Slovensko 
610 2 0 |a 2008